Techo-economic survey of Goa, Daman and Diu. (Record no. 76513)

MARC details
000 -LEADER
fixed length control field 00639cam a22002171 4500
001 - CONTROL NUMBER
control field sa 67007337
003 - CONTROL NUMBER IDENTIFIER
control field DLC
005 - DATE AND TIME OF LATEST TRANSACTION
control field 20260227112415.0
008 - FIXED-LENGTH DATA ELEMENTS--GENERAL INFORMATION
fixed length control field 761208s1964 xx ab b 000 0 eng
010 ## - LIBRARY OF CONGRESS CONTROL NUMBER
LC control number sa 67007337
035 ## - SYSTEM CONTROL NUMBER
System control number (OCoLC)2605324
040 ## - CATALOGING SOURCE
Original cataloging agency DLC
Transcribing agency OAkU
Modifying agency DLC
042 ## - AUTHENTICATION CODE
Authentication code premarc
050 00 - LIBRARY OF CONGRESS CALL NUMBER
Classification number HC437.G6
Item number N3
110 2# - MAIN ENTRY--CORPORATE NAME
Corporate name or jurisdiction name as entry element National Council of Applied Economic Research.
245 10 - TITLE STATEMENT
Title Techo-economic survey of Goa, Daman and Diu.
260 ## - PUBLICATION, DISTRIBUTION, ETC.
Place of publication, distribution, etc. New Delhi
Date of publication, distribution, etc. [1964]
300 ## - PHYSICAL DESCRIPTION
Extent xii, 275 p.
Other physical details illus., maps.
Dimensions 25 cm.
504 ## - BIBLIOGRAPHY, ETC. NOTE
Bibliography, etc. note Bibliographical footnotes.
651 #0 - SUBJECT ADDED ENTRY--GEOGRAPHIC NAME
Geographic name Goa, Daman and Diu (India)
General subdivision Economic conditions.

No items available.

Powered by Koha